Revue de géographie / (Record no. 2078)

MARC details
000 -LEADER
campo de control de longitud fija 00951nas a2200241 i 4500
001 - NÚMERO DE CONTROL
campo de control 2078
003 - IDENTIFICADOR DE NÚMERO DE CONTROL
campo de control ES-MaACL
005 - FECHA Y HORA DE LA ÚLTIMA TRANSACCIÓN
campo de control 20250815062531.0
007 - CAMPO FIJO DE DESCRIPCIÓN FÍSICA--INFORMACIÓN GENERAL
campo de control de longitud fija t|
008 - DATOS DE LONGITUD FIJA--INFORMACIÓN GENERAL
campo de control de longitud fija 950801d18771924fr | | 1 ||re d
080 ## - NÚMERO DE LA CLASIFICACIÓN DECIMAL UNIVERSAL
Número de la Clasificación Decimal Universal 44
245 00 - MENCIÓN DEL TÍTULO
Título Revue de géographie /
Mención de responsabilidad, etc. dir. M. Ludovic Drapeyron.
260 ## - PUBLICACIÓN, DISTRIBUCIÓN, ETC.
Lugar de publicación, distribución, etc. Paris :
Nombre del editor, distribuidor, etc. Institut Géographique,
Fecha de publicación, distribución, etc. 1877-1924 (
Fabricante May et Motteroz)
300 ## - DESCRIPCIÓN FÍSICA
Extensión v ;
Dimensiones 25 y 23 cm.
310 ## - PERIODICIDAD ACTUAL
Periodicidad actual Mensual
362 0# - FECHAS DE PUBLICACIÓN Y/O DESIGNACIÓN SECUENCIAL
Fecha de publicación y/o designación secuencial 1re année, t. 1, [n° 1] (janvier 1877)-27e année, t. 53 [n° 12] (décembre 1903) ; 28e année, nouvelle série, n° 1 (janvier 1904)-29e année, [n° 24] (décembre 1905) = t. 54-t. 55 ; [nouvelle série], t. 1 (1906/1907)-t. 12 (1924)
500 ## - NOTA GENERAL
Nota general A partir de 1905 no se hacen constar los años de publicación de la revista.
650 17 - PUNTO DE ACCESO ADICIONAL DE MATERIA--TÉRMINO DE MATERIA
Término de materia o nombre geográfico como elemento de entrada Geografía
Fuente del encabezamiento o término embne
9 (RLIN) 13070
700 1# - ENTRADA AGREGADA--NOMBRE PERSONAL
Nombre de persona Drapeyron, Ludovic,
Término indicativo de función/relación
9 (RLIN) 194376
852 ## - LOCALIZACIÓN
Ubicación ES-MaACL
Número de control de estantería Hem-146
866 #0 - MENCIÓN TEXTUAL DE FONDOS--UNIDAD BIBLIOGRÁFICA BÁSICA
Fondos 1895-1911,1913.
Holdings
Estatus retirado Estado de pérdida Estado de daño No para préstamo Colección Biblioteca de origen Biblioteca actual Ubicación en estantería Fecha de adquisición Fuente de adquisición Total de préstamos Signatura topográfica completa Código de barras Visto por última vez Precio de reemplazo Tipo de ítem Koha
        Periódicos y Revistas Biblioteca del Ateneo de Madrid Biblioteca del Ateneo de Madrid Depósito 1 17/01/2008     Hem-146 1002117 23/02/2023 23/02/2023 Revista